Odpoveď na diskusný príspevok Jozefa Turčana k štúdii Pavla Urcikána a Dušana Rusnáka "K návrhu objemu detenčných dažďových nádrží na malých povodiach

Bibliographic Details
Main Author: Urcikán, Pavol, 1929-2011 (Author)
Format: Article
Language:Slovak
PhysicalDescription:Grafy, tab.
ISSN:0042-790X
Subjects:

MARC

LEADER 00000nab a2200000 a 4500
001 vtls000803678
003 SK-MaSNL
005 20260304133102.0
008 250429c2002 xo 0 slo
015 |a SNBRB2002/08-26182 
035 |a CLN000155333 
035 |a urn:nbn:sk:snk-abobe 
035 |a (urnnbn)urn:nbn:sk:snk:ar-a04scj 
035 |a (uuid)808a54a8-c252-436f-b883-b3f524331849 
040 |a SNKBUCL  |b slo  |c SNKBUCL  |e AACR2 
041 0 |a slo 
044 |a xo  |c SK 
080 |a 556.16:556.5  |2 1997 
080 |a 556.5  |2 1997 
100 1 |a Urcikán, Pavol,  |d 1929-2011  |4 aut  |9 218992 
245 1 0 |a Odpoveď na diskusný príspevok Jozefa Turčana k štúdii Pavla Urcikána a Dušana Rusnáka "K návrhu objemu detenčných dažďových nádrží na malých povodiach  |c Pavel Urcikán 
300 |b Grafy, tab. 
504 |a Bibliogr. odkazy 
650 0 7 |a odtok dažďový  |x nádrže detenčné  |x návrhy  |2 snkbucl  |9 1412637 
650 0 7 |a nádrže dažďové detenčné  |2 snkbucl  |9 1412638 
650 0 7 |a vody dažďové  |2 snkbucl  |9 982315 
655 7 |a články z novín a časopisov  |2 snkbucl  |9 267496 
773 0 |t Journal of hydrology and hydromechanics  |g Roč. 50, č. 2 (2002), s. 172-179  |x 0042-790X 
850 |a Slovenská národná knižnica 
852 |a Slovenská národná knižnica 
954 |a odborná, vedecká literatúra pôvodná (slovenská)  |2 lita 
958 |a article27 
958 |a NB 
958 |a OND 
958 |a EUIPO 
999 |c 2900203  |d 2902133